| 000 | 01788nam a22002897a 4500 | ||
|---|---|---|---|
| 016 | _a080 ABS | ||
| 041 | _h2 | ||
| 082 |
_a080 _bABS |
||
| 100 | _aGenaral Sir John Kotelawala Defence University | ||
| 245 |
_aKDU INTERNATIONAL RESEARCH CONFERENCE - 2014 : _bExpanding Development Horizons trough Education, Research and Innovation |
||
| 260 |
_bRatmalana _aAuthor _c2014 |
||
| 300 |
_axxiv, 215 p. _c29cm |
||
| 365 | _b621.40 | ||
| 650 | _aසාමාන්ය එකතු | ||
| 650 | _aGeneral collections | ||
| 700 |
_aSirisoma, R.M.N.T. _eEdi: |
||
| 700 |
_aMeegaswatta, Thilini _eEdi: |
||
| 700 |
_aPerera, A.D.P. _eEdi: |
||
| 942 |
_cR _n0 |
||
| 999 |
_c19527 _d19527 |
||